Largest European Cities on a Borderless Map - Statistics

General Stats
  • This quiz has been taken 114 times
  • The average score is 27 of 40
Answers on the Map
Answers color-coded by a green-red scale on the quiz's map according to % correct below.
 
Answer Stats
Answer % Correct
Stockholm
95%
London
92%
Birmingham
91%
St. Petersburg
91%
Amsterdam
88%
Hamburg
82%
Berlin
80%
Paris
80%
Brussels
79%
Madrid
78%
Lisbon
75%
Lyon
75%
Barcelona
72%
Marseille
72%
Minsk
71%
Moscow
70%
Warsaw
70%
Naples
68%
Porto
68%
Rome
68%
Kiev
66%
Milan
66%
Rotterdam-Hague
66%
Athens
64%
Frankfurt
63%
Istanbul
63%
Turin
63%
Valencia
61%
Budapest
59%
Kharkiv
57%
Munich
57%
Vienna
57%
Bucharest
53%
Sofia
53%
Cologne-Bonn
51%
Essen-Dusseldorf
50%
Prague
50%
Stuttgart
50%
Katowice-Gliwice-Tychy
45%
Nizhny Novgorod
41%
No matching quizzes found
Score Distribution
Percent of People with Each Score
Percentile by Number Answered
Your Score History
You have not taken this quiz